000 00352 a2200157 4500
001 75596
020 _a9788502102040
040 _cAnchieta - Colégio São Paulo
100 _aDiniz, Maria Ignez de Souza Vieira
240 1 0 _aMatemática:
_lpor
245 1 0 _aMatemática:
300 _a448
362 0 _a2010
650 4 _aMatemática
942 _cBK
999 _c75596
_d75596